LIBRARY & INFORMATION CENTRE, KCAET, TAVANUR

ONLINE PUBLIC ACCESS CATALOGUE (OPAC)

Practical cytology applied genetics and biostatistics / (Record no. 9599)

MARC details
000 -LEADER
fixed length control field 00466cam a2200181ua 4500
041 ## - LANGUAGE CODE
Language code of text/sound track or separate title eng
082 ## - DEWEY DECIMAL CLASSIFICATION NUMBER
Classification number 581.15
Item number GOS/PR
100 ## - MAIN ENTRY--AUTHOR NAME
Personal name Gozwami, H K .
245 ## - TITLE STATEMENT
Title Practical cytology applied genetics and biostatistics /
250 ## - EDITION STATEMENT
Edition statement 1 /
260 ## - PUBLICATION, DISTRIBUTION, ETC. (IMPRINT)
Place of publication Mumbai :
Name of publisher Himalaya Publishers ,
Year of publication 1986.
300 ## - PHYSICAL DESCRIPTION
Number of Pages 255 ; .
942 ## - ADDED ENTRY ELEMENTS (KOHA)
Koha item type Books
Holdings
Withdrawn status Lost status Damaged status Home library Current library Date acquired Full call number Accession Number Koha item type
      KAUAET KAUAET 07/04/2012 581.15 GOS/PR 15903 Books
free website counter